LEADER 01669nam 2200481 450 001 000001872 005 20090904111100.0 100 $a--------d1921----km-y0itay0103----ba 101 0 $aeng 102 $aUS 200 1 $aWake-Robin and Riverby$fby John Burroughs 200 1 $a1 $n0003991 210 $aBoston$cHoughton Mifflin$d1921 215 $aV, 585 p. in varie sequenze, [1] c. di tav.$d21 cm. 312 $aTit. sul dorso della cop.: Burrougs complete works ; 1 516 $aBurroughs's complete works 676 $a814.41 700 1$aBurroughs,$bJohn$0438802 801 0$aIT$bUniversità della Basilicata - B.I.A.$gRICA$2unimarc 912 $a000001872 996 $aWake-Robin and Riverby$971639 997 $aUNIBAS BAS $aMONLET BAS $aMONOGR BAS $aLETTERE CAT $aCARLUCCI$b01$c19990804$lBAS01$h1301 CAT $aCARLUCCI$b01$c19990806$lBAS01$h0935 CAT $aDILEO$b20$c19990811$lBAS01$h1315 CAT $aDILEO$b20$c19990812$lBAS01$h1543 CAT $aDILEO$b01$c20000809$lBAS01$h0938 CAT $c20000913$lBAS01$h1425 CAT $c20000920$lBAS01$h1829 CAT $c20001010$lBAS01$h1632 CAT $c20050601$lBAS01$h1752 CAT $abatch$b01$c20050718$lBAS01$h1047 CAT $c20050718$lBAS01$h1106 CAT $c20050718$lBAS01$h1136 CAT $c20050718$lBAS01$h1150 CAT $aBATCH$b00$c20070503$lBAS01$h1733 CAT $aATR$b40$c20090305$lBAS01$h1057 CAT $aATR$b40$c20090904$lBAS01$h1111 FMT Z30 -1$lBAS01$LBAS01$mBOOK$1BASA1$APolo Storico-Umanistico$2GEN$BCollezione generale$3FP/2561$9FP/2561$62561$5L2561$819990804$f02$FPrestabile Generale LEADER 03352nam 22006372 450 001 9910458683103321 005 20151002020706.0 010 $a0-7486-7076-9 010 $a1-281-35752-9 010 $a9786611357528 010 $a0-7486-2951-3 035 $a(CKB)1000000000401203 035 $a(EBL)343581 035 $a(OCoLC)476158671 035 $a(SSID)ssj0000163338 035 $a(PQKBManifestationID)11924440 035 $a(PQKBTitleCode)TC0000163338 035 $a(PQKBWorkID)10106605 035 $a(PQKB)10247222 035 $a(UkCbUP)CR9780748629510 035 $a(StDuBDS)EDZ0000092659 035 $a(MiAaPQ)EBC343581 035 $a(Au-PeEL)EBL343581 035 $a(CaPaEBR)ebr10435247 035 $a(CaONFJC)MIL135752 035 $a(OCoLC)232571757 035 $a(EXLCZ)991000000000401203 100 $a20130322d2008|||| uy| 0 101 0 $aeng 135 $aur||||||||||| 181 $ctxt$2rdacontent 182 $cc$2rdamedia 183 $acr$2rdacarrier 200 10$aGlobal environmental history $e10,000 BC to AD 2000 /$fI.G. Simmons$b[electronic resource] 210 1$aEdinburgh :$cEdinburgh University Press,$d2008. 215 $a1 online resource (xvi, 271 pages) $cdigital, PDF file(s) 300 $aTitle from publisher's bibliographic system (viewed on 02 Oct 2015). 311 $a0-7486-2159-8 311 $a0-7486-2158-X 320 $aIncludes bibliographical references and index. 327 $aMustering the marks -- Resonances -- The gatherer-hunters and their world -- Pre-industrial agriculture -- An industrious world -- A post-industrial era? -- Emerging themes. 330 $aCourses which deal with environmental history have long lacked a comprehensive overview. I. G. Simmons has made a significant contribution with a book that looks at the long-term history of environment and humanity from 10,000 BC to AD 2000. This far-reaching text considers the global picture and recognises the contributions of many disciplines including the natural sciences, the social sciences, and increasingly, the humanities. As a starting point, this book takes the major phases of human technological evolution of the last 12,000 years and considers how these have affected the natural world. It then considers the response to conditions such as climate change, putting today's preoccupations into a long-term perspective. This is a book of history, not prophecy, and so makes no judgements on current anxieties. Key features: *Includes a glossary of unfamiliar terms *Notable in being a history and not a polemic *Examines the interrelation of history and nature, drawing on many fields of learning *Extensive coverage makes this ideal background reading for more specialised treatments and studies 606 $aHuman ecology$xHistory 606 $aHuman beings$xEffect of environment on$xHistory 606 $aNature$xEffect of human beings on$xHistory 615 0$aHuman ecology$xHistory. 615 0$aHuman beings$xEffect of environment on$xHistory. 615 0$aNature$xEffect of human beings on$xHistory. 676 $a304.209 700 $aSimmons$b I. G$g(Ian Gordon),$f1937-$01050642 801 0$bUkCbUP 801 1$bUkCbUP 906 $aBOOK 912 $a9910458683103321 996 $aGlobal environmental history$92480585 997 $aUNINA LEADER 03084nam 2200805 a 450 001 9910791944903321 005 20200520144314.0 010 $a1-84779-645-1 010 $a1-78170-144-X 010 $a1-84779-218-9 024 7 $a10.7765/9781847792181 035 $a(CKB)2560000000085794 035 $a(EBL)1069551 035 $a(OCoLC)818847257 035 $a(SSID)ssj0000712861 035 $a(PQKBManifestationID)12322463 035 $a(PQKBTitleCode)TC0000712861 035 $a(PQKBWorkID)10649336 035 $a(PQKB)11219301 035 $a(StDuBDS)EDZ0000086885 035 $a(OCoLC)1132654687 035 $a(MdBmJHUP)muse78095 035 $a(Au-PeEL)EBL1069551 035 $a(CaPaEBR)ebr10623350 035 $a(MiAaPQ)EBC1069551 035 $a(DE-B1597)660106 035 $a(DE-B1597)9781847792181 035 $a(EXLCZ)992560000000085794 100 $a20090415d2008 uy 0 101 0 $aeng 135 $aur|n|---||||| 181 $ctxt 182 $cc 183 $acr 200 10$aTime and world politics$b[electronic resource] $ethinking the present /$fKimberly Hutchings 210 $aManchester ;$aNew York $cManchester University Press $cDistributed exclusively in the USA by Palgrave Macmillan$dc2008 215 $a1 online resource (209 p.) 225 0 $aReappraising the Political 225 0$aReappraising the political 300 $aDescription based upon print version of record. 311 $a0-7190-7302-2 320 $aIncludes bibliographical references and index. 327 $apt. I. Theories of world-political time -- pt. II. Diagnosing the times. 330 $aThis book offers the first authoritative guide to assumptions about time in theories of contemporary world politics. It demonstrates how predominant theories of the international or global 'present' are affected by temporal assumptions, grounded in western political thought, that fundamentally shape what we can and cannot know about world politics today. The first part of the book traces the philosophical roots of assumptions about time in contemporary political theory. The second part examines contemporary theories of world politics, including liberal and realist International Relations theor 410 0$aReappraising the political. 606 $aPolitical science$xPhilosophy 606 $aTime 606 $aWorld politics 610 $aDeleuze. 610 $aDerrida. 610 $aInternational Relations. 610 $aassumptions about time. 610 $apolitical temporality. 610 $apolitical time. 610 $apost-Cold War. 610 $awestern political thought. 610 $aworld history. 610 $aworld politics. 615 0$aPolitical science$xPhilosophy. 615 0$aTime. 615 0$aWorld politics. 676 $a320.01 700 $aHutchings$b Kimberly$f1960-$0762161 801 0$bMiAaPQ 801 1$bMiAaPQ 801 2$bMiAaPQ 906 $aBOOK 912 $a9910791944903321 996 $aTime and world politics$93868055 997 $aUNINA